[Event "Wattenscheid 2 - Godesberg 2"]
[Site "NRW-K4 2324"]
[Date "2024.03.17"]
[Round "7.4"]
[White "Gohla, Ulf"]
[Black "Mittmann, Johannes"]
[Result "1/2-1/2"]
[WhiteElo "2074"]
[BlackElo "2037"]
[PlyCount "118"]
[EventDate "2024.??.??"]
[SourceVersionDate "2020.03.16"]

1. d4 d5 2. c4 c6 3. Nf3 Nf6 4. Nc3 dxc4 5. a4 Bf5 6. e3 e6 7. Bxc4 Bb4 8. O-O O-O 9. Qe2 Bg4 10. h3 Bh5 11. Rd1 Qa5 12. e4 Nbd7 13. e5 Nd5 14. Ne4 Qc7 15. Ng3 Bg6 16. Nh4 N7b6 17. Bb3 a5 18. Nxg6 fxg6 19. Ne4 Rae8 20. Bd2 Bxd2 21. Qxd2 Nb4 22. Rac1 N6d5 23. Nd6 Re7 24. Re1 Rd7 25. Re4 Qd8 26. Rce1 Rc7 27. Rg4 b6 28. g3 c5 29. dxc5 Rxc5 30. Nb7 Qc7 31. Nxc5 Qxc5 32. Rc4 Qe7 33. Rec1 Qb7 34. Qe2 b5 35. Rc5 bxa4 36. Bxa4 h5 37. Rxa5 h4 38. Qb5 Qf7 39. Qe2 Nd3 40. Rf1 N3b4 41. Bb3 Qc7 42. Bxd5 Nxd5 43. Rxd5 exd5 44. g4 Rf4 45. Qd3 Qxe5 46. Rd1 Qxb2 47. Qxd5+ Kh7 48. Rd2 Qc3 49. Qd3 Qf6 50. Kg2 Qc6+ 51. Qd5 Qc3 52. Qd3 Qf6 53. Qd5 Qc3 54. Qd3 Qc5 55. Qd8 Qc6+ 56. Kg1 Qf6 57. Qxf6 gxf6 58. Rd7+ Kh6 59. Kg2 g5 1/2-1/2

[Event "Wattenscheid 2 - Godesberg 2"]
[Site "NRW-K4 2324"]
[Date "2024.03.17"]
[Round "7.5"]
[White "Müller-Boge, Michael"]
[Black "Schlange, Stefan"]
[Result "1/2-1/2"]
[WhiteElo "2000"]
[BlackElo "2163"]
[PlyCount "176"]
[EventDate "2024.??.??"]
[SourceVersionDate "2020.03.16"]

1. e4 e5 2. Nf3 Nc6 3. Bc4 Nf6 4. d3 Bc5 5. c3 d6 6. O-O Be6 7. Nbd2 O-O 8. a4 a5 9. Bxe6 fxe6 10. Nc4 Ba7 11. Qe2 Qe8 12. Be3 Bxe3 13. fxe3 Qh5 14. Rae1 d5 15. exd5 exd5 16. Ncd2 Rad8 17. h3 Qg6 18. Nh4 Qe8 19. Nf5 Ne7 20. Qd1 g6 21. Nxe7+ Qxe7 22. Qb3 Kg7 23. Qd1 c5 24. Rf2 e4 25. d4 cxd4 26. exd4 Nh5 27. Rxf8 Rxf8 28. Nf1 Qh4 29. Qd2 Nf4 30. Ne3 Qg3 31. Kh1 Nxh3 32. Nf1 Nf2+ 33. Kg1 Qh4 34. Nh2 Nd3 35. Re2 Qf4 36. b3 g5 37. c4 Nc1 38. Re3 Nxb3 39. Qc3 Qf2+ 40. Kh1 Nd2 41. cxd5 Nf1 42. Nxf1 Qxf1+ 43. Kh2 Qf4+ 44. Kg1 Rf7 45. d6 Qxd6 46. Rxe4 b6 47. Qe3 Qf6 48. Qe2 h6 49. Qe1 Qc6 50. Re6 Qd5 51. Re4 Rf4 52. Rxf4 gxf4 53. Qe7+ Kg6 54. Qe8+ Kf5 55. Qh5+ Ke4 56. Qf3+ Kxd4 57. Qxf4+ Kc5 58. Qc7+ Qc6 59. Qf4 Qd6 60. Qf5+ Kc4 61. Qb5+ Kc3 62. Kh1 Qc5 63. Qb1 h5 64. Kh2 Qe5+ 65. Kh1 Qd4 66. Qb5 h4 67. Kh2 Qd6+ 68. Kh1 Qc5 69. Qb1 Kd2 70. Qb3 Qd4 71. Qb5 Ke1 72. Qb1+ Qd1 73. Qa2 Qd4 74. Qc2 Qb4 75. Kh2 Qf4+ 76. Kh1 Qe3 77. Qb1+ Ke2 78. Qc2+ Ke1 79. Qb1+ Kd2 80. Qa2+ Kd3 81. Qb3+ Ke2 82. Qc4+ Qd3 83. Qxh4 Qb1+ 84. Kh2 Qb4 85. Qh5+ Kf2 86. Qf3+ Ke1 87. Qe3+ Kf1 88. Qf3+ Ke1 1/2-1/2

[Event "Wattenscheid 2 - Godesberg 2"]
[Site "NRW-K4 2324"]
[Date "2024.03.17"]
[Round "7.6"]
[White "Buchenthal, Dieter"]
[Black "Biedeköpper, Robert"]
[Result "1/2-1/2"]
[WhiteElo "2147"]
[BlackElo "1986"]
[PlyCount "67"]
[EventDate "2024.??.??"]
[SourceVersionDate "2020.03.16"]

1. c4 e5 2. Nc3 Nc6 3. g3 g6 4. Bg2 Bg7 5. d3 d6 6. Rb1 a5 7. a3 f5 8. Bd2 Nf6 9. Nf3 O-O 10. Qc1 Ne7 11. b4 axb4 12. axb4 Kh8 13. O-O Nh5 14. Bg5 c6 15. Nh4 Nf6 16. Qe3 Kg8 17. Qd2 Be6 18. b5 d5 19. bxc6 bxc6 20. cxd5 cxd5 21. Nf3 d4 22. Nd1 Nfd5 23. Rb7 Bc8 24. Rb5 Be6 25. Nxd4 exd4 26. Rxd5 Qe8 27. Ra5 Rb8 28. Ra7 Nd5 29. Rxg7+ Kxg7 30. Bh6+ Kg8 31. Bxf8 Qxf8 32. e3 Qc5 33. exd4 Qxd4 34. Re1 1/2-1/2

[Event "Wattenscheid 2 - Godesberg 2"]
[Site "NRW-K4 2324"]
[Date "2024.03.17"]
[Round "7.7"]
[White "Rau, Nikita"]
[Black "Schwebel"]
[Result "1-0"]
[WhiteElo "2027"]
[BlackElo "2047"]
[PlyCount "79"]
[EventDate "2024.??.??"]
[SourceVersionDate "2020.03.16"]

1. d4 g6 2. Bf4 Nf6 3. Nc3 Bg7 4. e4 d5 5. e5 Ne4 6. Nb5 c6 7. f3 cxb5 8. Bxb5+ Nc6 9. Bxc6+ bxc6 10. fxe4 dxe4 11. Ne2 Qb6 12. O-O Qxb2 13. Qd2 O-O 14. Nc3 Bf5 15. Na4 Qb5 16. Nc5 Rad8 17. Qc3 Rb8 18. Rab1 Qxb1 19. Rxb1 Rxb1+ 20. Kf2 Rd8 21. h3 h5 22. Be3 Kh7 23. Qc4 Rb2 24. g4 hxg4 25. hxg4 Bxg4 26. Nxe4 Kg8 27. Ng5 Rf8 28. Bc1 Rb7 29. Ba3 Bh6 30. Ne4 Bf5 31. Qxc6 Bxe4 32. Qxe4 Rd7 33. Qh4 Bg7 34. c3 Rc8 35. Qh3 Rdc7 36. Bb4 e6 37. Ba5 Rc6 38. Qd3 Rc4 39. Qd1 R8c6 40. Qb3 {ZÜ} 1-0

[Event "Wattenscheid 2 - Godesberg 2"]
[Site "NRW-K4 2324"]
[Date "2024.03.17"]
[Round "7.8"]
[White "Klüting, Reiner"]
[Black "Shuikov, Edgard"]
[Result "1/2-1/2"]
[WhiteElo "1951"]
[BlackElo "1960"]
[PlyCount "98"]
[EventDate "2024.??.??"]
[SourceVersionDate "2020.03.16"]

1. Nc3 d5 2. e4 d4 3. Nb1 e5 4. Bc4 Nf6 5. d3 Nc6 6. a3 Bg4 7. f3 Bh5 8. Ne2 Qd7 9. O-O O-O-O 10. Qe1 h6 11. b4 Bd6 12. b5 Ne7 13. Qa5 Kb8 14. Bd2 g5 15. Ng3 Ng6 16. Bb4 Nf4 17. Nd2 g4 18. Bxd6 Qxd6 19. Nf5 Qd7 20. b6 axb6 21. Qxe5 Ne2+ 22. Kf2 gxf3 23. gxf3 Rhg8 24. Kxe2 Nh7 25. Bb5 Qc8 26. Rg1 f6 27. Qf4 Ng5 28. Rg3 Qe6 29. Bc4 Qd7 30. Bxg8 Rxg8 31. h4 Ka7 32. Rgg1 Nh3 33. Qh2 Nxg1+ 34. Rxg1 Rxg1 35. Qxg1 Qa4 36. Qxd4 Qxc2 37. Qf2 Qa2 38. Nd4 c6 39. Nf5 Qxa3 40. Qd4 Qa2 41. Qxf6 Bxf3+ 42. Ke3 Bg2 43. Qg7 Bh3 44. Nd6 Qa6 45. N2c4 b5 46. Qd4+ Kb8 47. Qh8+ Ka7 48. Qd4+ Kb8 49. Qh8+ Ka7 1/2-1/2

[Event "Porz IV - Niederkassel"]
[Site "?"]
[Date "2024.03.17"]
[Round "7.1"]
[White "Grimm, Sascha"]
[Black "Gallinnis, Norbert"]
[Result "1-0"]
[WhiteElo "2304"]
[BlackElo "2116"]
[PlyCount "73"]
[EventDate "2024.??.??"]
[SourceVersionDate "2020.03.16"]

1. c4 b6 2. Nc3 Bb7 3. e4 e5 4. Nge2 Nc6 5. g3 h5 6. h4 Nf6 7. d3 g6 8. Bg5 Bh6 9. Qd2 Bxg5 10. hxg5 Nh7 11. f4 Qe7 12. Nd5 Qd6 13. d4 O-O-O 14. dxe5 Nxe5 15. fxe5 Qxe5 16. O-O-O Nxg5 17. Nec3 Qxg3 18. Bd3 Qe5 19. Rdf1 c6 20. Ne3 Rde8 21. Bc2 Rhf8 22. Nf5 f6 23. Nd6+ Kc7 24. Nxe8+ Rxe8 25. Rh4 Re6 26. Ne2 Ba6 27. b3 b5 28. Qd4 bxc4 29. Qxa7+ Bb7 30. Qd4 Qa5 31. Kb2 cxb3 32. axb3 Rd6 33. Qc3 Qb5 34. Rf2 c5 35. e5 fxe5 36. Rc4 Rd5 37. Qe3 1-0

[Event "Porz IV - Niederkassel"]
[Site "?"]
[Date "2024.03.17"]
[Round "7.2"]
[White "Evers, Leo"]
[Black "Stanetzek, Carsten"]
[Result "0-1"]
[WhiteElo "2068"]
[BlackElo "2148"]
[PlyCount "86"]
[EventDate "2024.??.??"]
[SourceVersionDate "2020.03.16"]

1. d4 d5 2. Nf3 Nf6 3. e3 c5 4. b3 Nc6 5. Bd3 Bg4 6. Bb2 e6 7. Nbd2 Be7 8. O-O O-O 9. h3 Bh5 10. a3 Rc8 11. Qe2 Qb6 12. Rab1 Rfd8 13. Rfc1 Rd7 14. g4 Bg6 15. Bxg6 hxg6 16. Kg2 Qd8 17. Rd1 a6 18. Rbc1 b5 19. Ne5 Rdc7 20. Nxc6 Rxc6 21. c4 cxd4 22. exd4 dxc4 23. bxc4 bxc4 24. Bc3 Bxa3 25. Ra1 Nd5 26. Qf3 Qe7 27. Rdb1 Bd6 28. Ne4 f5 29. Nxd6 Qxd6 30. Re1 Rb8 31. Rab1 Rb5 32. Rxb5 axb5 33. gxf5 gxf5 34. Ra1 Ra6 35. Rxa6 Qxa6 36. Bd2 Qc6 37. Kg1 c3 38. Bc1 b4 39. Qg3 f4 40. Qg5 b3 41. Bxf4 Nxf4 42. Qxf4 c2 43. Qb8+ Kh7 0-1

[Event "Porz IV - Niederkassel"]
[Site "?"]
[Date "2024.03.17"]
[Round "7.3"]
[White "Kneutgen, Alexander"]
[Black "Slowik, Martin"]
[Result "1/2-1/2"]
[WhiteElo "2038"]
[BlackElo "1974"]
[PlyCount "27"]
[EventDate "2024.??.??"]
[SourceVersionDate "2020.03.16"]

1. Nf3 d5 2. g3 Nd7 3. d4 Nb6 4. Bg2 Bf5 5. O-O e6 6. b3 Nf6 7. Bb2 Be7 8. Nbd2 Ne4 9. Nxe4 Bxe4 10. Ne5 Bxg2 11. Kxg2 Nd7 12. Nf3 Nf6 13. Ne5 Nd7 14. Nf3 1/2-1/2

[Event "Porz IV - Niederkassel"]
[Site "?"]
[Date "2024.03.17"]
[Round "7.5"]
[White "Kroener, Alexander"]
[Black "Thiemonds, Uli"]
[Result "1-0"]
[WhiteElo "1968"]
[BlackElo "2066"]
[PlyCount "75"]
[EventDate "2024.??.??"]
[SourceVersionDate "2020.03.16"]

1. e4 e6 2. Nf3 d5 3. e5 c5 4. b4 b6 5. bxc5 bxc5 6. c4 Nc6 7. cxd5 exd5 8. Bb5 Qb6 9. Qa4 Bd7 10. Nc3 Nge7 11. Rb1 Qc7 12. O-O Rc8 13. Ba3 Nb8 14. Rfc1 a6 15. Bxd7+ Qxd7 16. Rb7 Qxa4 17. Nxa4 c4 18. Nb6 Rd8 19. Bxe7 Bxe7 20. Nxd5 Rxd5 21. Rxb8+ Bd8 22. Rxc4 O-O 23. g3 g5 24. Rd4 Rxd4 25. Nxd4 Bc7 26. Rxf8+ Kxf8 27. Nc6 f6 28. e6 f5 29. h3 h5 30. Kg2 g4 31. Nd4 f4 32. hxg4 hxg4 33. Nf5 f3+ 34. Kf1 Ba5 35. d4 Bb4 36. d5 Ke8 37. d6 a5 38. Ng7+ 1-0

[Event "Porz IV - Niederkassel"]
[Site "?"]
[Date "2024.03.17"]
[Round "7.6"]
[White "Mihalevica, Diana"]
[Black "Konzen, Horst"]
[Result "1/2-1/2"]
[WhiteElo "2111"]
[BlackElo "1996"]
[PlyCount "42"]
[EventDate "2024.??.??"]
[SourceVersionDate "2020.03.16"]

1. e4 g6 2. d4 Bg7 3. Nf3 d6 4. Bc4 Nf6 5. Qe2 c6 6. O-O O-O 7. e5 Nd5 8. Bg5 dxe5 9. dxe5 Bg4 10. Rd1 Qd7 11. Nbd2 b5 12. Bb3 a5 13. c4 bxc4 14. Bxc4 Qb7 15. h3 Bxf3 16. Nxf3 e6 17. Qd2 Re8 18. b3 Nd7 19. Re1 Qb8 20. Qd4 a4 21. Rac1 Qa7 1/2-1/2

[Event "Porz IV - Niederkassel"]
[Site "?"]
[Date "2024.03.17"]
[Round "7.8"]
[White "Siegel, Aurelia"]
[Black "Wilke, Christopher"]
[Result "0-1"]
[WhiteElo "1780"]
[BlackElo "1925"]
[PlyCount "58"]
[EventDate "2024.??.??"]
[SourceVersionDate "2020.03.16"]

1. e4 c6 2. d4 d5 3. exd5 cxd5 4. c4 Nf6 5. Nc3 Nc6 6. Nf3 Bg4 7. Be3 e6 8. Be2 Be7 9. O-O O-O 10. Rc1 Rc8 11. h3 Bh5 12. Ne5 Bxe2 13. Qxe2 dxc4 14. Nxc6 Rxc6 15. Rfd1 Nd5 16. Ne4 Qc7 17. Nc5 b6 18. Ne4 a6 19. Nd2 Rc8 20. Nf3 Bd6 21. b3 b5 22. bxc4 bxc4 23. Ng5 Ba3 24. Rc2 c3 25. Bc1 Be7 26. Re1 Nb4 27. d5 Nxd5 28. Qf3 Bxg5 29. Bxg5 Nb4 0-1

[Event "Bonn - Bonn Beuel"]
[Site "?"]
[Date "2024.03.17"]
[Round "7.1"]
[White "Haag, Martin"]
[Black "Horstmann, Olaf"]
[Result "1/2-1/2"]
[WhiteElo "2230"]
[BlackElo "2117"]
[PlyCount "59"]
[EventDate "2024.??.??"]
[SourceVersionDate "2020.03.16"]

1. c4 e5 2. Nc3 d6 3. Nf3 f5 4. d4 e4 5. Ng1 Nf6 6. Bf4 g6 7. h4 Bg7 8. e3 h6 9. Be2 Be6 10. Qc2 Na6 11. f3 exf3 12. Nxf3 Qd7 13. O-O-O O-O-O 14. a3 Kb8 15. Nd2 Rhf8 16. Bf3 Ka8 17. Kb1 c6 18. Qa4 Nc7 19. Qa5 Rc8 20. Be2 b6 21. Qa4 d5 22. Rc1 Ne4 23. Rhd1 Nxd2+ 24. Rxd2 dxc4 25. Bf3 Nd5 26. Nxd5 Bxd5 27. Bxd5 Qxd5 28. Qxc4 Kb7 29. Rdc2 Rfd8 30. Qxd5 1/2-1/2

[Event "Bonn - Bonn Beuel"]
[Site "?"]
[Date "2024.03.17"]
[Round "7.2"]
[White "Limp, Roland"]
[Black "Hoppe, Thilo"]
[Result "1-0"]
[WhiteElo "1999"]
[BlackElo "2112"]
[PlyCount "127"]
[EventDate "2024.??.??"]
[SourceVersionDate "2020.03.16"]

1. c4 e5 2. g3 c6 3. Bg2 d5 4. Qc2 Nf6 5. d3 h6 6. Nd2 Bd6 7. Ngf3 O-O 8. O-O Be6 9. b3 Nbd7 10. Bb2 a5 11. a3 Qe7 12. Rfc1 Bg4 13. h3 Bf5 14. e4 dxe4 15. dxe4 Bh7 16. Nh4 Bc5 17. Nf1 Qd8 18. Re1 Qb6 19. Nf5 Rfe8 20. Bc3 Bd4 21. N1e3 c5 22. Rab1 Qc7 23. Bd2 Ra6 24. Qd1 Nf8 25. Nxd4 cxd4 26. Nd5 Nxd5 27. cxd5 Nd7 28. Rc1 Qb8 29. Bf1 Ra8 30. Bb5 Rd8 31. b4 Nf6 32. f3 Qd6 33. g4 Ne8 34. Qb3 axb4 35. Bxb4 Qf6 36. Kg2 Nd6 37. Bd3 Rac8 38. Bc5 h5 39. Qb6 Qf4 40. Bxd6 h4 41. Bf1 d3 42. Bb4 d2 43. Bxd2 Qxd2+ 44. Qf2 Qg5 45. Rxc8 Rxc8 46. Rd1 f5 47. exf5 Bxf5 48. Bd3 Bxd3 49. Rxd3 Qf4 50. d6 e4 51. d7 Rd8 52. fxe4 Qxe4+ 53. Qf3 Qe7 54. Qd5+ Kh8 55. Rd2 Qe3 56. Qd3 Qe7 57. a4 b6 58. Qd4 Qa3 59. Qf4 Qe7 60. g5 Rxd7 61. Qxh4+ Kg8 62. Qc4+ Kh7 63. g6+ Kh6 64. Qf4+ 1-0

[Event "Bonn - Bonn Beuel"]
[Site "?"]
[Date "2024.03.17"]
[Round "7.3"]
[White "Lorenz, Roger"]
[Black "Wahl, Felix"]
[Result "1-0"]
[WhiteElo "2162"]
[BlackElo "2110"]
[PlyCount "111"]
[EventDate "2024.??.??"]
[SourceVersionDate "2020.03.16"]

1. d4 d5 2. c4 c6 3. Nf3 Nf6 4. Nc3 e6 5. Bg5 Nbd7 6. cxd5 exd5 7. Qc2 Be7 8. e3 h6 9. Bh4 Nh5 10. Bxe7 Qxe7 11. Bd3 Nf4 12. O-O Nxd3 13. Qxd3 O-O 14. Rfe1 Nf6 15. e4 dxe4 16. Nxe4 Nxe4 17. Rxe4 Be6 18. Qc3 Qd6 19. Re3 Rad8 20. h3 Qc7 21. b4 Rd5 22. a4 Qb6 23. Rb1 Rfd8 24. Rb2 a6 25. Re5 Qa7 26. Rbe2 Qb8 27. Re1 Qd6 28. R1e3 Rxe5 29. Rxe5 Bd5 30. Ne1 Qg6 31. Qb2 Rd6 32. Re8+ Kh7 33. Re3 Re6 34. a5 Rxe3 35. fxe3 Qe4 36. Qc2 Kg8 37. Qxe4 Bxe4 38. Nf3 Kf8 39. Nd2 Bc2 40. e4 Ke7 41. Kf2 f5 42. e5 g5 43. g3 Ke6 44. Nc4 f4 45. gxf4 gxf4 46. Nd6 Kd5 47. Kf3 Kxd4 48. Kxf4 Bg6 49. e6 c5 50. bxc5 Kxc5 51. Ke5 Kc6 52. Nf7 b6 53. axb6 a5 54. Kf6 a4 55. e7 Kd7 56. b7 1-0

[Event "Bonn - Bonn Beuel"]
[Site "?"]
[Date "2024.03.17"]
[Round "7.4"]
[White "Wagner, Rainer"]
[Black "Rosskothen, Arnd"]
[Result "0-1"]
[WhiteElo "2017"]
[BlackElo "2089"]
[PlyCount "116"]
[EventDate "2024.??.??"]
[SourceVersionDate "2020.03.16"]

1. d4 d5 2. Nf3 Nf6 3. g3 g6 4. Bg2 Bg7 5. O-O O-O 6. c4 c6 7. b3 Ne4 8. Bb2 Nd7 9. cxd5 cxd5 10. Nbd2 Ndf6 11. b4 a5 12. bxa5 Qxa5 13. Nb3 Qb5 14. Ne5 Bf5 15. f3 Nd6 16. g4 Be6 17. Bc1 Nd7 18. Nd3 f5 19. h3 b6 20. Bg5 Rfe8 21. e3 Bf7 22. f4 Nf6 23. Ne5 Nfe4 24. Bh4 e6 25. Be1 Rec8 26. Rf3 Nc3 27. Bxc3 Rxc3 28. Rc1 Rac8 29. Rxc3 Rxc3 30. Qe1 Ne4 31. Rf1 Rc2 32. Bxe4 dxe4 33. Rf2 Rc8 34. Qd1 Be8 35. Rc2 Rd8 36. Qd2 Bxe5 37. fxe5 Bc6 38. Nc1 Rf8 39. Rb2 Qa6 40. g5 Bd5 41. Rc2 Qa3 42. Rc3 Qe7 43. h4 h6 44. Qg2 hxg5 45. Qxg5 Qxg5+ 46. hxg5 f4 47. exf4 Rxf4 48. Ne2 Rg4+ 49. Kf2 Rxg5 50. Rc8+ Kf7 51. Rb8 Rf5+ 52. Ke3 Rf3+ 53. Kd2 Rd3+ 54. Kc2 Ra3 55. Rxb6 Rxa2+ 56. Kd1 e3 57. Nc3 Rd2+ 58. Ke1 Bf3 0-1

[Event "Bonn - Bonn Beuel"]
[Site "?"]
[Date "2024.03.17"]
[Round "7.5"]
[White "Goergen, Christian"]
[Black "Nasirov, Ruslan"]
[Result "1/2-1/2"]
[WhiteElo "1900"]
[BlackElo "2002"]
[PlyCount "21"]
[EventDate "2024.??.??"]
[SourceVersionDate "2020.03.16"]

1. e4 c5 2. Nf3 d6 3. d4 Nf6 4. Nc3 cxd4 5. Qxd4 Bd7 6. Bg5 Nc6 7. Qd2 Rc8 8. O-O-O Qa5 9. Bxf6 gxf6 10. Kb1 Bg7 11. Nd5 1/2-1/2

[Event "Bonn - Bonn Beuel"]
[Site "?"]
[Date "2024.03.17"]
[Round "7.6"]
[White "Dehmel, Jens"]
[Black "Gaul, Alexander"]
[Result "1-0"]
[WhiteElo "1969"]
[BlackElo "1965"]
[PlyCount "139"]
[EventDate "2024.??.??"]
[SourceVersionDate "2020.03.16"]

1. d4 Nf6 2. c4 e6 3. Nc3 d5 4. cxd5 exd5 5. Bg5 Be7 6. e3 O-O 7. Bd3 Re8 8. Qc2 h6 9. Bh4 c5 10. dxc5 Nc6 11. Nf3 g5 12. Bg3 g4 13. Ne5 Nb4 14. Qd2 Bxc5 15. Bb5 Re6 16. a3 Nc6 17. Nxc6 bxc6 18. Be2 Re8 19. O-O Nh5 20. Rac1 Nxg3 21. hxg3 Bf8 22. Na4 Bd7 23. Nc5 h5 24. Bd3 Bh6 25. Nxd7 Qxd7 26. Qc2 Bg7 27. b4 a5 28. Qxc6 Qxc6 29. Rxc6 axb4 30. axb4 Ra3 31. Rd1 d4 32. e4 Be5 33. b5 Kg7 34. Kf1 Rea8 35. Rcc1 R8a4 36. Rb1 Rc3 37. b6 Ra8 38. Rb5 f6 39. Ke2 Kf7 40. b7 Rb8 41. Rb4 Rc7 42. Bc4+ Rxc4 43. Rxc4 Rxb7 44. Rc2 Rb3 45. Ra2 Kg6 46. Kf1 h4 47. gxh4 g3 48. f3 Kh5 49. Ra8 Kxh4 50. Ke2 Rb2+ 51. Rd2 Rb1 52. Kd3 Rb3+ 53. Ke2 Rb1 54. Rg8 Kh5 55. Rg4 Ra1 56. Rc2 Ra8 57. Kd3 Ra3+ 58. Kd2 Ra8 59. Rb2 Ra7 60. Rc2 Ra8 61. Kd3 Ra3+ 62. Kc4 Ra8 63. Kd5 Ra5+ 64. Ke6 Ra6+ 65. Kf5 Ra5 66. Rc8 Bb8+ 67. Ke6 Ra6+ 68. Kd5 Ra5+ 69. Kc4 Be5 70. Rh8# 1-0

[Event "Bonn - Bonn Beuel"]
[Site "?"]
[Date "2024.03.17"]
[Round "7.7"]
[White "Koch, Matthias"]
[Black "Cremer, Jonas"]
[Result "1-0"]
[WhiteElo "1905"]
[BlackElo "1908"]
[PlyCount "81"]
[EventDate "2024.??.??"]
[SourceVersionDate "2020.03.16"]

1. e4 e6 2. d4 d5 3. Nc3 Bb4 4. e5 c5 5. Bd2 Ne7 6. Nb5 Bxd2+ 7. Qxd2 O-O 8. f4 Nd7 9. Nf3 Nc6 10. c3 f6 11. Bd3 a6 12. Na3 Qb6 13. Nc2 c4 14. Be2 Qxb2 15. O-O Qb6 16. Kh1 Qc7 17. Ne3 b5 18. g4 Bb7 19. g5 a5 20. gxf6 gxf6 21. Rg1+ Kh8 22. Nh4 Nb6 23. Ng4 f5 24. Nf6 Nd7 25. Nh5 Rg8 26. Qe3 Qd8 27. Qh3 Qe7 28. Ng6+ Rxg6 29. Rxg6 Rg8 30. Rxg8+ Kxg8 31. Rg1+ Kh8 32. Rg7 Qxg7 33. Nxg7 Kxg7 34. a3 b4 35. cxb4 Nxd4 36. Qg2+ Kf8 37. Bxc4 Nb6 38. Bd3 Nb3 39. Kg1 Bc6 40. Qg5 Nd7 41. Qd8+ 1-0

[Event "Bonn - Bonn Beuel"]
[Site "?"]
[Date "2024.03.17"]
[Round "7.8"]
[White "Hoefer, Severin Paul"]
[Black "Calderon, Luis"]
[Result "1/2-1/2"]
[WhiteElo "1935"]
[BlackElo "1938"]
[PlyCount "103"]
[EventDate "2024.??.??"]
[SourceVersionDate "2020.03.16"]

1. c4 e6 2. Nc3 b6 3. e4 Bb7 4. Nge2 Nf6 5. d3 d5 6. cxd5 exd5 7. Bg5 dxe4 8. dxe4 Nbd7 9. Qa4 c6 10. O-O-O Qc7 11. Bf4 Qc8 12. Nd4 Bc5 13. Nf5 g6 14. Nd6+ Bxd6 15. Bxd6 Ng4 16. h3 Ngf6 17. e5 Nd5 18. Qh4 Qd8 19. Qh6 Nxc3 20. bxc3 b5 21. e6 fxe6 22. Be5 Nxe5 23. Rxd8+ Rxd8 24. Qe3 Nf7 25. Qxe6+ Kf8 26. Be2 Kg7 27. Qe7 Rhe8 28. Qxb7 Rxe2 29. Rd1 Rxd1+ 30. Kxd1 Rxa2 31. Ke1 a5 32. Qxc6 b4 33. Qc4 Rb2 34. Qd4+ Kg8 35. c4 Rc2 36. Qf4 Kf8 37. Kd1 Rc3 38. Kd2 Kg8 39. Qb8+ Kg7 40. Qb5 Ra3 41. Kc2 Kf6 42. Kb2 Ne5 43. c5 Nd3+ 44. Kb1 Rb3+ 45. Kc2 Nxc5 46. Qc6+ Kg7 47. Qc7+ Kf6 48. Qd6+ Kf7 49. Qd5+ Kf6 50. Qd6+ Kf7 51. Qd5+ Kf6 52. Qd6+ 1/2-1/2

[Event "Ennepe-Ruhr-Süd - Hellertal"]
[Site "?"]
[Date "2024.03.17"]
[Round "7.1"]
[White "Rahimi, Rahim"]
[Black "Tripolsky, Eugen"]
[Result "0-1"]
[WhiteElo "2017"]
[BlackElo "2283"]
[PlyCount "126"]
[EventDate "2024.??.??"]
[SourceVersionDate "2020.03.16"]

1. e4 d6 2. Nc3 Nf6 3. h3 c5 4. Bb5+ Nbd7 5. a3 a6 6. Bc4 b5 7. Be2 Bb7 8. d3 g6 9. f4 Bg7 10. Be3 O-O 11. Bf3 Qc7 12. Rb1 d5 13. e5 d4 14. exf6 Nxf6 15. Bxb7 Qxb7 16. Qf3 Qxf3 17. Nxf3 dxc3 18. bxc3 Nd5 19. Bxc5 Bxc3+ 20. Kf2 Bf6 21. g3 Rac8 22. d4 Nc3 23. Rbe1 Na4 24. Bxe7 Rxc2+ 25. Kf1 Bxe7 26. Rxe7 Rfc8 27. Re2 R2c3 28. Kg2 Rxa3 29. g4 Nc3 30. Rc1 Rc4 31. Re8+ Kg7 32. f5 b4 33. Rf1 Nd5 34. Rf2 Rcc3 35. Ng5 gxf5 36. Re5 Ne3+ 37. Kh2 h6 38. Ne4 fxe4 39. Re7 Nxg4+ 40. hxg4 Rh3+ 41. Kg2 Rhg3+ 42. Kh2 Rgf3 43. Rb2 Rh3+ 44. Kg1 Rag3+ 45. Kf1 e3 46. Rxb4 Rxg4 47. Rbb7 Rf4+ 48. Ke2 Rxd4 49. Rxf7+ Kg6 50. Rf3 Rxf3 51. Kxf3 Rd6 52. Kxe3 Rf6 53. Ke4 h5 54. Ke5 Kg5 55. Rg7+ Rg6 56. Rc7 h4 57. Ke4 Kg4 58. Ke3 Kg3 59. Ke4 h3 60. Rc3+ Kg4 61. Rc2 Re6+ 62. Kd5 Rh6 63. Rc4+ Kf5 0-1

[Event "Ennepe-Ruhr-Süd - Hellertal"]
[Site "?"]
[Date "2024.03.17"]
[Round "7.2"]
[White "Heller, Achim"]
[Black "Mueller, Sven"]
[Result "0-1"]
[WhiteElo "2040"]
[BlackElo "2106"]
[PlyCount "124"]
[EventDate "2024.??.??"]
[SourceVersionDate "2020.03.16"]

1. d4 Nf6 2. Nf3 g6 3. c4 Bg7 4. e3 O-O 5. Be2 d6 6. Nc3 Nbd7 7. O-O e5 8. Qc2 c6 9. b4 Qe7 10. a4 Ne8 11. Ba3 f5 12. a5 g5 13. dxe5 Nxe5 14. Nxe5 Qxe5 15. Bb2 f4 16. Nd1 Qe7 17. Bxg7 Qxg7 18. Ra3 Bf5 19. Qd2 Bg6 20. exf4 gxf4 21. Bf3 Rd8 22. a6 Nf6 23. axb7 Qxb7 24. b5 Ne4 25. Qa2 Rf7 26. bxc6 Qxc6 27. Nc3 Nxc3 28. Rxc3 Be4 29. Rd1 Bxf3 30. Rxf3 Rc8 31. Qd2 Qxc4 32. Qxd6 a5 33. h4 a4 34. Rd4 Qc1+ 35. Kh2 Qc6 36. Qb4 Rcf8 37. Rd6 Qc7 38. Qd4 Qe7 39. Rh6 a3 40. Qa4 Kg7 41. Rh5 Rf5 42. Qd4+ Kg6 43. Rxf5 Rxf5 44. Qb6+ Kg7 45. Qd4+ Kg6 46. Qa4 Qxh4+ 47. Rh3 Qe7 48. Qa6+ Rf6 49. Qd3+ Rf5 50. Qa6+ Rf6 51. Qxa3 Qxa3 52. Rxa3 Kf5 53. Ra5+ Ke4 54. Rh5 Rf7 55. Kh3 Rg7 56. Ra5 Rf7 57. Kg4 Rg7+ 58. Rg5 Rxg5+ 59. Kxg5 f3 60. g4 Kd3 61. Kf4 Ke2 62. Kg3 h6 0-1

[Event "Ennepe-Ruhr-Süd - Hellertal"]
[Site "?"]
[Date "2024.03.17"]
[Round "7.3"]
[White "Petri, Wolfgang"]
[Black "Arakelian, Aik"]
[Result "0-1"]
[WhiteElo "1968"]
[BlackElo "2077"]
[PlyCount "58"]
[EventDate "2024.??.??"]
[SourceVersionDate "2020.03.16"]

1. f4 Nf6 2. Nf3 c5 3. e3 b6 4. d4 Bb7 5. Be2 e6 6. O-O Be7 7. c4 O-O 8. Nc3 d5 9. cxd5 Nxd5 10. Bd2 Nd7 11. Ne5 N7f6 12. Bf3 Rc8 13. Kh1 cxd4 14. exd4 Nxc3 15. Bxc3 Ne4 16. Qe1 f5 17. Qe3 Bd6 18. Bd1 Rf6 19. Be1 Bxe5 20. dxe5 Rg6 21. Bf3 Rc2 22. Rd1 Qc7 23. Qd3 h5 24. Bh4 Bd5 25. Qa3 Qc4 26. Qe7 Nd2 27. Qd8+ Kh7 28. Bxd5 exd5 29. Rf2 Rc1 0-1

[Event "Ennepe-Ruhr-Süd - Hellertal"]
[Site "?"]
[Date "2024.03.17"]
[Round "7.4"]
[White "Hess, Olena"]
[Black "Reiffenrath, Christian"]
[Result "1-0"]
[WhiteElo "2044"]
[BlackElo "1940"]
[PlyCount "71"]
[EventDate "2024.??.??"]
[SourceVersionDate "2020.03.16"]

1. Nf3 Nf6 2. c4 c5 3. d4 cxd4 4. Nxd4 Nc6 5. Nc3 g6 6. e4 d6 7. Be2 Bg7 8. Be3 O-O 9. O-O Bd7 10. Nc2 Rc8 11. f3 Ne5 12. b3 Nh5 13. Nd4 Nc6 14. Qd2 a6 15. Rac1 Nf4 16. Nxc6 Nxe2+ 17. Nxe2 Bxc6 18. Nd4 Qd7 19. Rfd1 Qc7 20. c5 dxc5 21. Nxc6 Qxc6 22. Rxc5 Qe6 23. Rxc8 Qxc8 24. Rc1 Qb8 25. Bb6 Rc8 26. Rd1 e6 27. a4 h5 28. a5 Bc3 29. Qd7 Bb4 30. g3 Bc5+ 31. Kg2 Bf8 32. Qd3 Bc5 33. Qd7 Bf8 34. Rd2 Bb4 35. Re2 Bc5 36. Rc2 1-0

[Event "Ennepe-Ruhr-Süd - Hellertal"]
[Site "?"]
[Date "2024.03.17"]
[Round "7.5"]
[White "Mellmann, Matthias"]
[Black "Bruchmann, Norbert"]
[Result "1/2-1/2"]
[WhiteElo "1866"]
[BlackElo "2057"]
[PlyCount "45"]
[EventDate "2024.??.??"]
[SourceVersionDate "2020.03.16"]

1. e4 e6 2. Nc3 d5 3. Nf3 Nf6 4. e5 Nfd7 5. d4 c5 6. dxc5 Bxc5 7. Bd3 Nc6 8. Bf4 a6 9. O-O Be7 10. Re1 O-O 11. a3 Nc5 12. Bf1 f6 13. exf6 Bxf6 14. Ne5 Nxe5 15. Bxe5 Bxe5 16. Rxe5 Qf6 17. Re2 Kh8 18. Qd2 Bd7 19. Rae1 Rae8 20. b4 Na4 21. Nxa4 Bxa4 22. Re5 g6 23. Bd3 1/2-1/2

[Event "Ennepe-Ruhr-Süd - Hellertal"]
[Site "?"]
[Date "2024.03.17"]
[Round "7.6"]
[White "Nasoyan, Maksim"]
[Black "Herfel, Manfred"]
[Result "1-0"]
[WhiteElo "1942"]
[BlackElo "1858"]
[PlyCount "73"]
[EventDate "2024.??.??"]
[SourceVersionDate "2020.03.16"]

1. e4 d6 2. c4 Nf6 3. Nc3 g6 4. d4 Bg7 5. Be2 c6 6. Nf3 Bg4 7. Be3 Nbd7 8. Nd2 Bxe2 9. Qxe2 e5 10. d5 Qc7 11. O-O O-O 12. b4 Nh5 13. Nb3 a6 14. c5 dxc5 15. bxc5 Nf4 16. Qd2 f5 17. f3 Rf7 18. Rac1 Raf8 19. Bxf4 exf4 20. d6 Qd8 21. Qxf4 Be5 22. Qd2 fxe4 23. Nxe4 Bf4 24. Qc3 Bxc1 25. Qxc1 Rf4 26. Nd4 Qe8 27. g3 Rxe4 28. fxe4 Rxf1+ 29. Qxf1 Qxe4 30. Qc4+ Qd5 31. Qxd5+ cxd5 32. Nb3 Kf7 33. Kf2 Ke6 34. Ke3 Ke5 35. Kd3 g5 36. g4 h6 37. h3 1-0